000 00543nam a22002172 4500
999 _c8937
_d8937
001 8937
003 BD - JhCC
005 20180712121126.0
008 910430s1951 enka 000 0 eng d
035 _a(BD - JhCC)8937
040 _aFDA
_cFDA
_dUKM
_dEQO
_dBD - JhCC
041 _aeng
082 _bHAQ 1951
_a516
100 1 _aHaq, A. K. M.
245 1 0 _aIntermediate geometry /
_cA. K. M. Haq
260 _aLondon :
_bMacmillan,
_c1951.
300 _a284 p.
_bdiagrs.
_c19 cm
650 0 _aGeometry.
942 _2ddc
_cBK